[Event "Sofia MTel Masters 5th"]
[Site "Sofia"]
[Date "2009.05.13"]
[Round "1"]
[White "Carlsen, Magnus"]
[Black "Topalov, Veselin"]
[Result "1-0"]
[WhiteElo "2770"]
[BlackElo "2812"]
[Annotator "Carlsen,Magnus"]
[PlyCount "71"]
[EventDate "2009.05.13"]
[EventType "tourn"]
[EventRounds "10"]
[EventCountry "BUL"]
[EventCategory "21"]
[SourceTitle "CBM 131"]
[Source "ChessBase"]
[SourceDate "2009.07.15"]
[SourceVersion "1"]
[SourceVersionDate "2009.07.15"]
[SourceQuality "1"]

1. d4 d5 2. c4 c6 3. Nf3 Nf6 4. Nc3 e6 5. Bg5 h6 6. Bxf6 Qxf6 7. e3 Nd7 8. Bd3 dxc4 9. Bxc4 g6 10. O-O Bg7 11. e4 O-O ({Another option is Eine andere Möglichkeit ist} 11... e5 12. d5 Nb6 {as Karjakin played against me in Nice. The text usually leads to more complicated play, and therefore it's not surprising that Topalov chose it. wie Karjakin gegen mich in Nizza spielte. Der Textzug führt meist zu komplizierterem Spiel, daher ist es nicht überraschend, dass Topalov ihn wählte.}) 12. e5 Qe7 13. Qe2 b5 {Not the most usual, Black usually takes a more restrained approach by playing b6 here or on the next move. The text is probably not bad either however.  Nicht das Übliche, normalerweise schlägt Schwarz mit b6 hier oder im nächsten Zug eine zurückhaltendere Gangart ein. Der Text ist aber wahrscheinlich auch nicht schlecht.} 14. Bd3 Bb7 (14... b4 15. Na4 c5 {was an interesting, but risky alternative. White should probably continue war eine interessante, aber riskante Alternative. Weiß sollte darauf wahrscheinlich mit} 16. Rac1 (16. Be4 Rb8 17. Nxc5 Nxc5 18. dxc5 Qxc5 19. Rfc1 Qa5 {is absolutely fine for Black. ist absolut in Ordnung für Schwarz.}) 16... cxd4 17. Qe4 Rb8 (17... Nb6 18. Nxb6 Bb7 19. Nxa8 Bxe4 20. Bxe4 {must be better for White, as the knight can escape via c7. muss besser für Weiß sein, denn der Springer kann über c7 entkommen.}) 18. Rc7 {with the initiative. fortsetzen, mit Initiative.}) 15. Be4 Rfd8 $6 {I don't think he should have commited the rook this early, as it might be needed on c8 soon. The immediate ...ab8 was better. Ich glaube nicht, dass er den Turm so früh hätte festlegen sollen, da dieser bald auf c8 gebraucht werden könnte. Das sofortige ...ab8 war besser.} ({RR} 15... Nb6 16. h4 Rfd8 17. Rac1 a5 18. Rfd1 Rac8 19. b3 b4 20. Nb1 c5 21. Bxb7 Qxb7 22. dxc5 Rxd1+ 23. Qxd1 Nd5 24. Qd4 Qc6 25. a3 Bf8 26. axb4 Nxb4 27. Nbd2 Bxc5 28. Qc4 Bxf2+ 29. Kh2 Be3 30. Qxc6 {Khatoev,E (2409)-Yoo,C (2588) chess.com INT 2025 ½-½ (45)}) 16. Rac1 (16. Nxb5 Nxe5 $11 {is the tactical justification of Black's last move. ist die taktische Rechtfertigung des letzten schwarzen Zuges.}) 16... Rab8 17. Rfd1 a6 18. h4 $146 (18. Nb1 $5 {with the obvious idea of d2-b3 is a common plan in this structure. There could follow mit der offensichtlichen Idee d2-b3 ist ein geläufiger Plan in dieser Struktur. Es könnte folgen} Rdc8 19. Nbd2 Ba8 20. Qe3 $1 {A great preparatory move, shown by the engines. Ein großartiger Vorbereitungszug, angezeigt von den Engines.} (20. Nb3 c5 21. Bxa8 Rxa8 {with equality is what discouraged me from playing 18.b1. mit Ausgleich ist das, was mich von 18.b1 abhielt.}) 20... c5 21. Bxa8 Rxa8 22. Ne4 {and since 22...cxd4 can now be met by xd4, White has a clear initative. und da 22...cxd4 jetzt mit xd4 begegnet werden kann, hat Weiß eine klare Initative.}) ({RR} 18. Nb1 Rdc8 19. Nbd2 Ba8 20. Rc2 c5 21. Bxa8 Rxa8 22. Rdc1 Qf8 23. dxc5 Rxc5 24. Rxc5 Nxc5 25. Ne4 Nd7 26. Ng3 Qb8 27. Re1 Qb7 28. Ne4 Qc7 29. Nd6 Rd8 30. Kf1 Qb6 31. a4 bxa4 32. Nc4 Qb5 {Popov,M (2378)-Smirnov,P (2589) Kazan 2017 0-1 (45)}) ({RR} 18. a3 c5 19. Bxb7 Rxb7 20. Qe4 Rbb8 21. d5 exd5 22. Nxd5 Qe6 23. Nf4 Qe7 24. Nd5 Qe6 25. Nf4 Qe7 26. Nd5 {½-½ (26) Lenic,L (2662)-Van Wely,L (2656) Chess.com INT 2018}) 18... Ba8 19. Rc2 $6 {Probably a little too slow. Vermutlich ein bisschen zu langsam.} (19. h5 g5 20. Nh2 {with the idea of putting the knight on the excellent square g4, was more consistent. mit der Idee, den Springer auf das ausgezeichnete Feld g4 zu stellen, war konsequenter.}) 19... Rdc8 20. Rdc1 Qf8 $1 {A good prophylactic move, which Topalov made immediately. The idea can clearly be seen in the line Ein guter prophylaktischer Zug, den Topalov sofort spielte. Die Idee wird deutlich in dem Abspiel} (20... c5 21. Bxa8 Rxa8 22. Ne4 {when the pin on the c-file causes Black problems. , wonach die Fesselung auf der c-Linie Schwarz Probleme bereitet.}) 21. a4 $6 {I was not sure of what to do here, and decided to try and disturb his queenside play a little. However, Ich war nicht sicher, was ich hier tun sollte, und beschloss zu versuchen, sein Spiel am Damenflügel ein bisschen zu stören.} c5 $6 ({after the simple Doch nach dem einfachen} 21... b4 22. Nb1 c5 23. Bxa8 Rxa8 24. dxc5 Rxc5 (24... Nxc5 25. Qc4 $1) 25. Nbd2 Rxc2 26. Rxc2 Rc8 {Black even has a slight initiative, thanks to the weaknesses on e5 and a4. It's hard to explain why both players missed this. hat Schwarz sogar eine leichte Initiative dank der Schwächen auf e5 und a4. Es ist schwer zu erklären, warum beide Spieler dies übersahen.}) 22. axb5 {Now White is better again. Jetzt steht Weiß wieder besser.} cxd4 23. Nxd4 Bxe4 $2 {A huge mistake, probably based on a tactical oversight. Ein Riesenfehler, vermutlich basierend auf einem taktischen Versehen.} (23... axb5 24. Bxa8 Rxa8 {would have kept White out of c6 for the time being, and retained decent chances of counterplay after hätte Weiß zunächst einmal von c6 ferngehalten und ordentliche Gegenspielchancen gewahrt nach} 25. f4 Qd8 $1 {with ideas of ...xe5 and g5. mit Ideen wie ...xe5 und g5.}) 24. Nxe4 Rxc2 25. Rxc2 axb5 (25... Bxe5 {would be desirable, and was probably my opponent's intention, but it loses material to wäre wünschenswert und war vermutlich auch die Absicht meines Gegners, doch dies verliert Material nach} 26. Nc6 (26. Rd2 {is actually even better. ist sogar noch besser.}) 26... Rxb5 27. Rd2 Qa8 (27... Qe8 {gives White a choice between lässt Weiß die Wahl zwischen} 28. Nxe5 (28. f4 Bxf4 29. Rxd7 {and even und sogar}) (28. Qxb5 axb5 29. Nxe5 {also winning material. , ebenfalls mit Materialgewinn.}) 28... Rxe5 29. Nf6+)) 26. Nc6 Rb6 (26... Nxe5 27. Nxb8 Qxb8 {loses in the long run. verliert auf lange Sicht.}) 27. f4 {Now Black can hardly move. Nun kann Schwarz kaum ziehen.} Qa8 (27... Nb8 28. Na7 $1 {is aesthetically pleasing and more or less decisive. ist etwas fürs Auge und mehr oder weniger entscheidend.}) 28. Ne7+ Kh7 29. h5 Ra6 {The only active move Black has. Der einzige aktive Zug, den Schwarz hat.} 30. hxg6+ fxg6 31. Rc7 $1 {A very pleasing move, after which Black is finished. Ein sehr angenehmer Zug, nach dem Schwarz erledigt ist.} Ra1+ 32. Kf2 $2 {But now there is some excitement again. Aber nun gibt es wieder ein bisschen Aufregung.} ({I thought the most natural Ich dachte, das sehr natürliche} 32. Kh2 {would give Black some unnecessary counterplay after gäbe Schwarz unnötiges Gegenspiel nach} Nxe5 {, but this fails to the simple , aber dies scheitert an dem einfachen} (32... Qd8 33. Qd3 Qxe7 34. Nf6+ $1) 33. Nf6+ Bxf6 34. Nd5+ Bg7 35. Qxe5 Qf8 36. Rxg7+ Qxg7 37. Nf6+ {when Black is mated or loses the queen. wonach Schwarz mattgesetzt wird oder die Dame verliert.}) 32... Qd8 33. Qd3 $1 {This is the trick. Das ist der Trick.} Qxe7 (33... Qxc7 {The rook is taboo due to Der Turm ist tabu wegen} 34. Ng5+ hxg5 (34... Kh8 35. Nf7+ Kh7 36. Qxg6#) 35. Qxg6+ Kh8 36. Qh5+ {and mates. und Matt.}) 34. Rxd7 (34. Nf6+ {was easily winning as well. gewann ebenfalls leicht.}) 34... Qh4+ 35. Kf3 Qh5+ (35... Kh8 36. Rxg7 Kxg7 {Otherwise g8+ or h7+ might follow. Ansonsten könnte g8+ oder h7+ folgen.} 37. Nf6 Ra7 38. Qd8 {is also completely over. ist ebenfalls komplett gelaufen.}) 36. Kg3 {Black has no more checks, and his king has no protection. A great way to start the tournament! Schwarz hat keine Schachs mehr, und sein König keinen Schutz. Ein toller Einstieg in das Turnier!} 1-0

[Event "Sofia MTel Masters 5th"]
[Site "Sofia"]
[Date "2009.05.16"]
[Round "4"]
[White "Carlsen, Magnus"]
[Black "Shirov, Alexei"]
[Result "1/2-1/2"]
[WhiteElo "2770"]
[BlackElo "2745"]
[Annotator "Krasenkow,Michal"]
[PlyCount "78"]
[EventDate "2009.05.13"]
[EventType "tourn"]
[EventRounds "10"]
[EventCountry "BUL"]
[EventCategory "21"]
[SourceTitle "CBM 131"]
[Source "ChessBase"]
[SourceDate "2009.07.15"]
[SourceVersion "1"]
[SourceVersionDate "2009.07.15"]
[SourceQuality "1"]

1. d4 d5 2. c4 c6 3. Nf3 Nf6 4. Nc3 e6 5. Bg5 dxc4 6. e4 b5 7. e5 h6 8. Bh4 g5 9. Nxg5 hxg5 10. Bxg5 Nbd7 11. exf6 Bb7 12. g3 c5 13. d5 Qb6 14. Bg2 O-O-O 15. O-O b4 16. Na4 Qb5 17. a3 exd5 18. axb4 cxb4 19. Qg4 {An old move in this well-known position. Other options:} (19. Qd4) (19. Re1 {- see Topalov-Shirov in this issue}) (19. Be3 {(the most popular move)}) (19. Bf4 {(introduced recently, with excellent results for White)}) (19. h4) 19... d4 {Positions arising in the Botvinnik system are usually crazy and hard to assess. Black tries to clarify the position a little bit. Otherwise White would eventually create a strong attack on the black king:} (19... Bd6 20. Be3 Kc7 21. Bd4 (21. Rfd1 $6 Rdg8 22. Qf5 Rg6 23. Bd4 Rhh6 {0-1 Lhost,G-Roussel,C/Bethune 2005/CBM 107 ext (39)}) 21... Rhe8 (21... Ne5 $5) 22. b3 Nc5 23. Nxc5 Bxc5 24. Qf4+ Kb6 25. Be5 (25. Ra4 $1 a5 26. Rfa1 $16) 25... Rxe5 26. Qxe5 c3 27. Rfe1 Rd6 28. g4 d4 29. Bxb7 Kxb7 30. Qf5 $16 {½-½ Zhou Jianchao-Zhang Pengxiang/Wuxi 2006/CBM 113 ext (35)}) (19... Bh6 20. Rfd1 (20. Rfe1 Rdg8 21. h4 Bxg5 22. hxg5 d4 23. Qxd4 Bxg2 24. Kxg2 Rxg5 25. Re4 Qf5 26. Qxc4+ Kd8 27. Re8+ {0-1 Babula,V-Kanovsky,D/Luhacovice 2003/CBM 094}) 20... Rhg8 (20... Rde8 21. b3 c3 22. Bxh6 Rxh6 23. Rd4 a5 24. Bxd5 Re6 25. Bxe6 fxe6 26. Rxd7 Kxd7 27. Rd1+ {1-0 Badjarani,I-Peyrou Olya,M/Iran 1997/EXT 2003}) 21. h4 Bxg5 22. hxg5 Bc6 23. Rd4 Kb7 24. b3 $16 {0-1 Dias,A-Pelletier,Y/Matinhos 1994/EXT 1997 (52)}) (19... Rg8 20. h4 Bd6 21. Qd4 Be5 22. Qxa7 Kc7 23. Bh3 Nxf6 24. Rfe1 Ra8 25. Qe3 Ne4 26. Bf4 f6 27. Bxe5+ fxe5 28. Qh6 $36 {1-0 Burgess,G-Adnoy,H/Gausdal 2002/CBM 086 ext (36)}) 20. Bxb7+ Kxb7 (20... Qxb7 21. Qxd4 Bd6 22. Qxd6 Rxh2 23. Kxh2 Rh8+ 24. Bh4 $18 {1-0 Ortiz,E-Stein,J/Monterey Park 2004/EXT 2009 (27)}) 21. Qe4+ Qc6 22. Qxd4 Bd6 23. Rfe1 Rde8 24. Re3 $146 {[%mdl 8] An attempt at an improvement. Previous games saw:} (24. Rxe8 Rxe8 25. Be3 Bb8 (25... Nb6 26. Nxb6 axb6 27. Rd1 Be5 28. Qd2 c3 29. bxc3 bxc3 30. Qa2 Re6 31. Rb1 Qe8 32. Qd5+ Kc7 33. Ra1 Qc6 34. Ra7+ Kb8 35. Qxc6 Rxc6 36. Rxf7 Bxf6 $44 {½-½ Williams,L-Wilson,J/Hastings 1995/EXT 1998 (40)}) 26. Qxd7+ Qxd7 27. Nc5+ Kc8 28. Nxd7 Kxd7 29. Ra4 (29. Bd2 $5) 29... Bd6 $5 (29... a5 30. Rxa5 Be5 31. Bc5 b3 32. Ba3 Ke6 33. f4 Bd4+ 34. Kf1 Rb8 $44 {0-1 Zarubin,O-Andrianov,N/Severodonetsk 1982/EXT 1999 (42)}) 30. Rxa7+ Kc6 31. Ra6+ Kd5 32. Kf1 b3 33. Ra5+ Kc6 34. Ra6+ {½-½ Beliavsky,A-Smeets,J/Amsterdam 2007/CBM 120 (35)} (34. Bd4 Bb4 35. Ra1 Rd8 36. Be5 Rd2 $44)) ({RR} 24. Rxe8 Rxe8 25. Be3 Nb6 26. Nxb6 axb6 27. Rd1 Be5 28. Qd2 c3 29. bxc3 bxc3 30. Qa2 Re6 31. Rb1 Qe8 32. Qd5+ Kc7 33. Ra1 Qc6 34. Ra7+ Kb8 35. Qxc6 Rxc6 36. Rxf7 Bxf6 37. g4 c2 38. Bc1 b5 {Williams,L (2110)-Wilson,J (2245) Hastings 1995 ½-½ (41)}) ({RR} 24. Rxe8 Rxe8 25. Be3 Bb8 26. Qxd7+ Qxd7 27. Nc5+ Kc8 28. Nxd7 Kxd7 29. Ra4 a5 30. Rxa5 Be5 31. Bc5 b3 32. Ba3 Ke6 33. f4 Bd4+ 34. Kf1 Rb8 35. Ra6+ Kd5 36. Ke2 Re8+ 37. Kd2 Rh8 38. h4 Rg8 {Zarubin,O-Andrianov,N (2435) Severodonetsk 1982 0-1 (42)}) 24... Ne5 $1 (24... Rxe3 $6 25. Bxe3 {is poor for Black as his rook is on h8 and not on e8 as in the previous variation.}) 25. h4 (25. Rc1 $5) 25... Re6 {Sometimes chess is very easy: if you don't know what to do - centralize your pieces! For White it is more difficult to find a guiding light.} 26. Bf4 (26. Qd1 $5 Rhe8 $140 27. Qh5) 26... Rhe8 27. Bxe5 Rxe5 28. Rxe5 $6 (28. Rae1 $5 Rxe3 29. Rxe3 Rxe3 30. fxe3 Bf8 31. Qd8 Qxa4 32. Qxf8 Qd1+ $11) 28... Rxe5 29. Qg4 $6 {White decides to advance his h-pawn at any cost.} (29. Rd1 $142 Bc7 {[%csl Ra4]} 30. b3 cxb3 31. Qxb4+ Rb5 $15) 29... Ra5 30. h5 Rxa4 31. Rxa4 Qxa4 32. h6 Qc6 $1 {Consolidation.} 33. Qh5 $6 (33. h7 $2 c3 34. bxc3 bxc3 35. h8=Q c2 $19) (33. Qg8 $142 $1 {[%cal Rh6h7]} Be5 $1 34. Qxf7+ Ka6 35. Qe7 Bxf6 36. Qxb4 Qb5 37. Qd6+ Qb6 $17) 33... c3 $6 {Of course, something like} (33... a5 $3 34. Qxf7+ Ka6 $17 {(with the idea of preventing f7-a2+ after ...c4-c3) can hardly be found by a human. White had little chances to survive in that case, e.g.} 35. h7 (35. Qg6 c3 36. bxc3 bxc3 37. Qc2 Bf8 38. h7 Qxf6) 35... c3 36. bxc3 bxc3 37. h8=Q c2 38. Qh6 c1=Q+ 39. Qxc1 Qxc1+ 40. Kh2 $1 (40. Kg2 Qc6+ 41. Kg1 Be5) 40... Qc2 41. Kg1 Qb1+ 42. Kh2 Qe4 $1 $17) 34. bxc3 bxc3 35. Qxf7+ Bc7 $6 {This leads to a draw. Black could have kept winning chances after} (35... Ka6 36. Qa2+ Kb5 37. h7 (37. Qc2 Bb4 $1) 37... c2 38. Qb2+ Bb4 39. Qc1 Ba3 40. Qf1+ Ka4 41. h8=Q c1=Q {etc.}) ({or} 35... Kb6 36. Qb3+ Ka5 {etc.}) 36. Qb3+ Bb6 37. Qf7+ {Black now can't escape checks.} Bc7 (37... Qc7 38. Qd5+ Ka6 (38... Kb8 $4 39. f7 Qxg3+ 40. Qg2 Bxf2+ 41. Kh1 $18) 39. Qa2+ Ba5 40. Qe6+ $11) (37... Ka6 38. Qa2+ Ba5 39. Qe2+ Kb6 40. Qe3+ Kb7 41. Qe7+ Bc7 42. Qb4+ $11) 38. Qb3+ Bb6 39. Qf7+ Bc7 1/2-1/2

[Event "Sofia MTel Masters 5th"]
[Site "Sofia"]
[Date "2009.05.17"]
[Round "5"]
[White "Wang, Yue"]
[Black "Carlsen, Magnus"]
[Result "1/2-1/2"]
[WhiteElo "2738"]
[BlackElo "2770"]
[PlyCount "50"]
[EventDate "2009.05.13"]
[EventType "tourn"]
[EventRounds "10"]
[EventCountry "BUL"]
[EventCategory "21"]
[SourceTitle "CBM 131"]
[Source "ChessBase"]
[SourceDate "2009.07.15"]
[SourceVersion "1"]
[SourceVersionDate "2009.07.15"]
[SourceQuality "1"]

1. d4 Nf6 2. c4 g6 3. Nc3 d5 4. Bf4 Bg7 5. e3 c5 6. dxc5 Qa5 7. Rc1 dxc4 8. Bxc4 O-O 9. Nge2 Qxc5 10. Qb3 Qa5 11. O-O Nbd7 ({RR} 11... Nc6 12. Nd5 Nxd5 13. Bxd5 e6 14. Bxc6 bxc6 15. Rfd1 e5 16. Bg3 Be6 17. Qc3 Qxa2 18. Bxe5 Bxe5 19. Qxe5 Rfd8 20. h4 h5 21. Nf4 Bb3 22. Rxd8+ Rxd8 23. Rxc6 Qb1+ 24. Kh2 Qe1 25. Nxh5 Kf8 26. Rc7 {Makarian,R (2543)-Ebrahimi Herab,H (2418) chess.com INT 2025 1-0}) 12. a3 ({RR} 12. Nb5 Ne4 13. Bc7 b6 14. Bxf7+ Rxf7 15. Qd5 Nec5 16. Qxa8 Qxb5 17. Nd4 Qa6 18. b4 Nd3 19. Rcd1 Nb2 20. Rb1 Bxd4 21. exd4 Nc4 22. Rbc1 b5 23. a4 Qb7 24. Qxb7 Bxb7 25. axb5 Na3 26. f4 Nxb5 {Wojtaszek,R (2724)-Mamedyarov,S (2781) Moscow 2019 1-0 (67)}) 12... Nb6 13. Bc7 Bd7 $146 ({RR} 13... Qc5 14. Na4 Nxa4 15. Qxa4 Qg5 16. Ng3 Ne8 17. Bf4 Qf6 18. Ne4 Qb6 19. b4 Bf5 20. Nc5 Nd6 21. Bd5 Bb2 22. Rcd1 Rad8 23. Qb3 Bg7 24. Bxd6 Rxd6 25. Bxb7 Rfd8 26. Be4 Bc8 27. h3 h5 28. Bf3 {Piket,J (2632)-Leko,P (2745) Monte Carlo 2001 1-0 (58)}) 14. Nd4 Rac8 15. Bxb6 Qxb6 16. Qxb6 axb6 17. Be2 Rc7 18. Ndb5 Rc6 19. Nd4 Rc7 20. Ndb5 Rc6 21. Rfd1 Rb8 22. Nd4 Rc7 23. Ndb5 Rc6 24. Nd4 Rc7 25. Ndb5 Rc6 1/2-1/2

[Event "Sofia MTel Masters 5th"]
[Site "Sofia"]
[Date "2009.05.19"]
[Round "6"]
[White "Topalov, Veselin"]
[Black "Carlsen, Magnus"]
[Result "1/2-1/2"]
[WhiteElo "2812"]
[BlackElo "2770"]
[PlyCount "90"]
[EventDate "2009.05.13"]
[EventType "tourn"]
[EventRounds "10"]
[EventCountry "BUL"]
[EventCategory "21"]
[SourceTitle "CBM 131"]
[Source "ChessBase"]
[SourceDate "2009.07.15"]
[SourceVersion "1"]
[SourceVersionDate "2009.07.15"]
[SourceQuality "1"]

1. d4 {Jussupow,Artur} Nf6 2. c4 e6 3. Nf3 d5 4. Nc3 Be7 5. Bg5 h6 6. Bh4 O-O 7. e3 Ne4 8. Bxe7 Qxe7 9. Rc1 Nxc3 10. Rxc3 c6 11. Be2 dxc4 12. Bxc4 Nd7 13. O-O e5 14. Bb3 Rd8 ({RR} 14... exd4 15. exd4 Nf6 16. Re1 Qd6 17. Ne5 Nd5 18. Rg3 Bf5 19. Qh5 Bh7 20. Qg4 g5 21. h4 f6 22. hxg5 hxg5 23. f4 ({RR} 23. Qh5 Qe7 24. Nd3 Qf7) 23... Rae8 ({RR} 23... Kh8 24. fxg5 fxe5 25. g6 Qxg6 26. Qxg6 Bxg6 27. Rxg6) 24. fxg5 fxe5 25. g6 Bxg6 26. dxe5 Qe6 27. Bxd5 cxd5 28. Qxg6+ Qxg6 29. Rxg6+ {Karpov,A (2755)-Jussupow,A (2610) London 1989 Candidates [Jussupow,Artur] 1-0 (53)}) ({RR} 14... exd4 15. Qxd4 Nf6 16. Rc5 Be6 17. Bxe6 Qxe6 18. Qc4 Qxc4 19. Rxc4 Rfd8 20. Rfc1 Rd6 21. Kf1 Nd7 22. Rb4 Rb8 23. Ke2 c5 24. Rb3 b6 25. Ra3 Rb7 26. Rd3 Rxd3 27. Kxd3 Nf6 28. Rc2 Kf8 29. Kc4 {Sammed Jaykumar,S (2391)-Aarav Sinha (2187) Bengaluru IND 2025 ½-½ (53)}) 15. Re1 exd4 16. exd4 Qd6 17. Rd3 $146 ({RR} 17. d5 cxd5 18. Qxd5 Qxd5 19. Bxd5 Nf8 20. Bb3 {½-½ (20) Zakharevich,I (2505)-Bezgodov,A (2570) Perm 1997}) ({RR} 17. Rce3 Nf8 18. Ne5 Be6 19. Qh5 Bxb3 20. Rxb3 Qc7 21. Qg4 Re8 22. Rd1 Rad8 23. Rg3 f6 24. Nf3 Rd5 25. Nh4 Qd7 26. Qxd7 Nxd7 27. Re3 Rxe3 28. fxe3 g5 29. Nf3 Nc5 30. Nd2 Na4 31. Ne4 Kf7 {Ortmann,D (2322)-Bottema,M (2062) Vlissingen 2011 ½-½ (77)}) 17... Nf8 18. d5 Bf5 19. Rd2 cxd5 20. Rxd5 Qf6 21. Qd4 Be6 22. Qxf6 gxf6 23. Rh5 Bxb3 24. axb3 Ng6 25. Rxh6 Rd3 26. h4 Rad8 27. Rh5 Rxb3 28. Rf5 Kg7 29. h5 Nf8 30. Re4 Nh7 31. Rg4+ Kh6 32. Rc4 Rxb2 33. g4 b5 34. Rd4 Rxd4 35. Nxd4 Rb4 36. Rd5 Ng5 37. Kg2 Ne6 38. Nf5+ Kh7 39. Kg3 Rb3+ 40. Kh2 Rf3 41. Rd7 Ng5 42. Kg2 Rf4 43. Kg3 Rf3+ 44. Kg2 Rf4 45. Kg3 Rf3+ 1/2-1/2

[Event "Sofia MTel Masters 5th"]
[Site "Sofia"]
[Date "2009.05.20"]
[Round "7"]
[White "Carlsen, Magnus"]
[Black "Dominguez Perez, Leinier"]
[Result "1-0"]
[WhiteElo "2770"]
[BlackElo "2717"]
[PlyCount "85"]
[EventDate "2009.05.13"]
[EventType "tourn"]
[EventRounds "10"]
[EventCountry "BUL"]
[EventCategory "21"]
[SourceTitle "CBM 131"]
[Source "ChessBase"]
[SourceDate "2009.07.15"]
[SourceVersion "1"]
[SourceVersionDate "2009.07.15"]
[SourceQuality "1"]

1. d4 Nf6 2. c4 g6 3. Nc3 d5 4. Nf3 Bg7 5. Qb3 dxc4 6. Qxc4 O-O 7. e4 Nc6 8. Be2 e5 9. d5 Nd4 10. Nxd4 exd4 11. Qxd4 c6 12. d6 ({RR} 12. Qc4 b5 13. Qxc6 Bd7 14. Qd6 Re8 15. e5 Ng4 16. e6 fxe6 17. h3 Ne5 18. O-O Nf7 19. Qa3 exd5 20. Bf3 d4 21. Ne4 Bc6 22. Ng5 Bxf3 23. Nxf3 Qd5 24. Rd1 Nd6 25. Qd3 Rac8 26. a4 b4 {Duda,J (2743)-Vachier Lagrave,M (2784) chess24.com INT 2021 ½-½ (65)}) ({RR} 12. Qc4 b5 13. Qxc6 Bd7 14. Qd6 Re8 15. f3 Nh5 16. O-O Bf8 17. Qa6 Bc5+ 18. Kh1 Qh4 19. g4 Ng3+ 20. Kg2 Nxf1 21. Bxf1 Qf2+ 22. Kh3 Qxf1+ 23. Kh4 Re5 24. Bg5 Bf2# {0-1 (24) Van Kooten,L (2213)-Shuvalov,E (2079) chess.com INT 2024}) 12... Nd5 13. Qd3 Nxc3 14. bxc3 Qf6 $146 ({RR} 14... f5 15. O-O fxe4 16. Qxe4 Qxd6 17. Rb1 Bf5 18. Qc4+ Be6 19. Qa4 b5 20. Qa5 Bd5 21. Ba3 Qe5 22. Bxf8 Rxf8 23. Rfe1 Qxc3 24. Qxc3 Bxc3 25. Rec1 Bd4 26. Bf3 Bxf3 27. gxf3 Rxf3 28. Rc2 a5 29. Kg2 {Papasimakopoulos,A (2312)-Drost,P (2158) chess.com INT 2022 1-0 (47)}) ({RR} 14... f5 15. O-O fxe4 16. Qxe4 Qxd6 17. Rb1 Bf5 18. Qc4+ Be6 19. Qa4 b5 20. Qa5 Bd5 21. Ba3 Qe5 22. Bxf8 Rxf8 23. Rfe1 Qxc3 24. Qxc3 Bxc3 25. Rec1 Bd4 26. Bf3 Bxf3 27. gxf3 Rxf3 28. Rc2 a5 29. Kg2 {Papasimakopoulos,A (2312)-Drost,P (2158) chess.com INT 2022 1-0 (47)}) 15. Bb2 Rd8 16. Rd1 Qe6 17. f4 Qxa2 18. Rd2 Qa5 19. Qe3 Bd7 20. Kf2 Re8 21. Ra1 Qd8 22. c4 Bxb2 23. Rxb2 b6 24. Bf3 Qh4+ 25. Kg1 Qf6 26. Qd2 g5 27. g3 gxf4 28. gxf4 Kh8 29. Kh1 Rg8 30. e5 Qh4 31. Qd4 Rg7 32. Rg2 Rag8 33. e6 Bxe6 34. Rxg7 Rxg7 35. Bxc6 f6 36. d7 Bxd7 37. Bxd7 Re7 38. Be6 Rxe6 39. Qd8+ Kg7 40. Rg1+ Kf7 41. Qg8+ Ke7 42. Rg7+ Kd6 43. Qf8+ 1-0